Statistiken für Alle Pokémon mit "D"

Klicken Sie hier um das Quiz zu spielen!

Allgemein

  • Dieses Quiz wurde 42 mal gespielt
  • Das Durchschnittsergebnis liegt bei 18 aus 39

Antwortstatistiken

TypPokémon% Korrekt
Drache / FlugDragoran
100%
Drache 🐲Dragonir
93%
Drache 🐲Dratini
93%
Normal / FlugDodri
71%
Normal / FlugDodu
71%
Boden 🏜Digda
64%
Boden 🏜Digdri
64%
Boden / FlugDemeteros
57%
Boden 🏜Donphan
57%
Geist / FlugDriftlon
57%
Normal ✳Dummisel
57%
Unlicht / DracheDuodino
57%
Stahl / GeistDuokles
57%
Normal ✳Damhirplex
50%
Normal / FlugDartiri
50%
Stahl / DracheDialga
50%
Käfer / ElektroDonarion
50%
Geist / FlugDrifzepeli
50%
Unlicht 🌜Darkrai
43%
Feuer / FlugDartignis
43%
Gestein / UnlichtDespotar
43%
Drache / UnlichtDonnersichel
43%
Pflanze / DracheDrapfel
43%
Stahl / GeistDurengard
43%
Elektro / FeeDedenne
36%
Gestein / FeeDiancie
36%
Pflanze / GiftDuflor
36%
Stahl / DracheDuraludon
36%
Psycho 🧠Deoxys
29%
Normal ✳Ditto
29%
Drache 🐲Draschel
29%
Normal ✳Dummimisel
29%
Kampf 👊Dakuma
21%
Normal / PsychoDamythir
21%
Gift ☠Deponitox
21%
Pflanze 🌿Dressella
21%
Normal / FlugDusselgurr
21%
Unlicht / BodenDinglu
14%
Wasser 💧Delfinator
7%

Verteilung der Resultate

Perzentil nach korrekt beantworteten Fragen

Anzahl Personen mit jedem Resultat

Ihre Resultats-Entwicklung

Sie haben dieses Quiz noch nicht gespielt